000
00278nam a22001217a 4500
008
180807b xxu||||| |||| 00| 0 eng d
082
_a
813.52
245
_a
Essential Biology with Physiology
_c
Campbell
260
_c
2004
300
_a
1
_f
CD
760
_b
2nd
942
_2
ddc
_c
MX
999
_c
46892
_d
46892